000 02419aam a2200625 a 4500
999 _c23003
_d23003
001 vtls001560300
005 20211109091811.0
008 171201e2004 xo o 00100 slo c
020 _a9788071811275
_q(viaz.)
020 _a8071811270
035 _aVTK41644
040 _aVTHK
_bslo
_cVTHK
_dSVKBB
_eAACR2
041 1 _aslo
_heng
044 _axo
_cSK
072 7 _a797
_xVodné športy. Letecké športy
_2konspekt
080 _a592/599(26)
_22001
080 _a551.35
_22001
080 _a582(26)
_22001
080 _a797.215
_22001
080 _a913:797.215
_22001
080 _a(084.12)
_22001
080 _a(0.062)
_22001
240 1 0 _aBest Dive Sites of the World
_lSlovensky
245 1 0 _aPodmorské divy sveta
_bnajlepšie miesta na potápanie
_cEditor: Egidio Trainito ; text a fotografie: Kurt Amsler ... [et al. ; z anglického originálu preložili Václav Hruška, Ján Ripka, Soňa Ripková ; zostavil Egidio Trainito ; ilustrácie Dimitilla Muller]
250 _a1. vyd.
260 _aPraha
_bOttovo nakladatelství
_c2004
300 _a299 s.
_breg.
_c30 cm
500 _aPreložené z angličtiny
650 0 7 _amorské živočíchy
_2SNKPH
_92326
650 0 7 _amorské sedimenty
_2SNKPH
_92327
650 0 7 _amorské rastliny
_2SNKPH
_92328
650 0 7 _apotápanie
_2SNKPH
_92329
650 0 7 _apotápačské lokality
_2SVKBBPH
_92330
650 0 7 _aSea animals
_2SNKPHeng
_92331
650 0 7 _aMarine sediments
_2SNKPHeng
_92332
650 0 7 _aSea plants
_2SNKPHeng
_92333
650 0 7 _aDiving
_2SNKPHeng
_92334
650 0 7 _aDive sites
_2SVKBBPHeng
_92335
655 7 _afotografické publikácie
_2SNKPH
_91846
655 7 _apopulárno-náučné publikácie
_2SNKPH
_91486
655 7 _aPhotographical works
_2SNKPHeng
_92336
655 7 _aPopular works
_2SNKPHeng
_91487
700 1 _aTrainito, Egidio,
_d1947-
_4aut
_4com
_4pht
_92337
700 1 _aAmsler, Kurt,
_d1946-
_4aut
_4pht
_92338
700 1 _aDe Sabata, Eleonora
_4aut
_4pht
_92339
700 1 _aMesturini, Giorgio
_4aut
_4pht
_92340
700 1 _aPaolillo, Vincenzo
_4aut
_4pht
_92341
700 1 _aRinaldi, Roberto
_4aut
_4pht
_92342
700 1 _aHruška, Václav
_4trl
_92343
700 1 _aRipka, Ján
_4trl
_92344
700 1 _aRipková, Soňa
_4trl
_92345
700 1 _aMuller, Dimitilla
_4ill
_92346
850 _bKIS3GMM